Pronto sabré emigrar
محفوظ في:
| المؤلف الرئيسي: | |
|---|---|
| التنسيق: | كتاب |
| اللغة: | Undetermined |
| منشور في: |
Barcelona, España
Editorial Laia
1974
|
| الموضوعات: | |
| الوسوم: |
إضافة وسم
لا توجد وسوم, كن أول من يضع وسما على هذه التسجيلة!
|
MARC
| LEADER | 00000nam a2200000Ia 4500 | ||
|---|---|---|---|
| 008 | 170316s9999 xx 000 0 und d | ||
| 040 | |a cru BVZT | ||
| 090 | |a 862 C-12p | ||
| 100 | |a Canicio, Víctor | ||
| 245 | |a Pronto sabré emigrar | ||
| 260 | |a Barcelona, España | ||
| 260 | |b Editorial Laia | ||
| 260 | |c 1974 | ||
| 300 | |a 102 páginas | ||
| 650 | |a LITERATURA ESPAÑOLA | ||
| 999 | |c 9612 |d 9612 | ||
| 942 | |c 15 D |h 862 C-12p |2 z | ||
